Η μοντέρνα τέχνη, 1770-1970

Αποθηκεύτηκε σε:
Λεπτομέρειες βιβλιογραφικής εγγραφής
Κύριος συγγραφέας: Argan, Giulio Carlo
Άλλοι συγγραφείς: Bonito Oliva, Achille
Μορφή: Βιβλίο
Γλώσσα:Greek
Italian
Δημοσίευση: Ηράκλειο : Πανεπιστημιακές Εκδόσεις Κρήτης, 2014.
Σειρά:Συμβολή στις επιστήμες του ανθρώπου. Ιστορία της τέχνης.
Θέματα:
Ετικέτες: Προσθήκη ετικέτας
Δεν υπάρχουν, Καταχωρήστε ετικέτα πρώτοι!

MARC

LEADER 00000cam a2200000 i 4500
001 1/120885
008 150211s2014 gr | ||| |||| ||gre||
020 |a 9789605244279 
035 |l 10121032 
040 |a GR-MyUa  |b gre  |e AACR2 
041 1 |a gre  |h ita 
082 7 |a 709.04   |2 (23) 
100 1 |a Argan, Giulio Carlo. 
245 1 2 |a Η μοντέρνα τέχνη, 1770-1970 /   |c Giulio Carlo Argan ; μετάφραση Λίνα Παπαδημητρη ; πρόλογος Νίκος Κεσσανλής. Η τέχνη στην καμπή του 21ου αιώνα / Achille Bonito Oliva ; μετάφραση Μαρία Σπυριδοπούλου.  
260 |a Ηράκλειο :   |b Πανεπιστημιακές Εκδόσεις Κρήτης,   |c 2014.  
300 |a xxi, 520 σ. :   |b εικ. ;   |c 25 εκ.  
490 1 |a (Ιστορία της τέχνης) 
500 |a Τίτλοι πρωτοτύπων: L'arte moderna 1770-1970 / Giulio Carlo Argan. L'arte oltre il duemila / Achille Bonito Oliva.  
500 |a Περιλαμβάνει ευρετήριο.  
650 0 |a Art, Modern  |y 18th century. 
650 0 |a Art, Modern  |y 19th century. 
650 0 |a Art, Modern  |y 20th century. 
700 1 |a Bonito Oliva, Achille.   |t Η τέχνη στην καμπή του 21ου αιώνα. 
830 0 |a Συμβολή στις επιστήμες του ανθρώπου.   |p Ιστορία της τέχνης. 
901 |a BIBL4-2015-2 
901 |a BIBL5-2015-1 
920 |a Εύδοξος  |b Παραγγελία  |y Ρόδος-ΤΕΠΑΕΣ  |z 2015-05 
920 |a Εύδοξος  |b Παραγγελία  |y Σύρος-ΤΜΣΠΣ  |z 2015-01 
920 |a Εύδοξος  |b Επιστροφή  |y Λέσβος  |z 2016-12 
920 |a Εύδοξος  |b Επιστροφή  |y Λέσβος  |z 2018-11 
970 |a Κοντού  |b Παρασκευή  |z 16/02/2015